[Event "Monte Grande op"]
[Site "Monte Grande"]
[Date "2023.11.24"]
[Round "1"]
[White "Quiroga, Facundo"]
[Black "Tarn, Gerald"]
[Result "1-0"]
[WhiteElo "2224"]
[BlackElo "1685"]
[PlyCount "87"]
[EventDate "2023.11.24"]
[EventType "swiss"]
[EventRounds "6"]
[EventCountry "ARG"]
[SourceTitle "CB49_2023"]
[SourceDate "2023.12.06"]
[SourceVersion "1"]
[SourceVersionDate "2023.12.06"]
[SourceQuality "1"]

1. d4 d5 2. c4 dxc4 3. e4 Nf6 4. e5 Nd5 5. Bxc4 Nb6 6. Bb3 Nc6 7. Ne2 Bg4 8. f3 Bh5 9. e6 Nd5 10. exf7+ Bxf7 11. Nbc3 e6 12. 0-0 Be7 13. Nxd5 exd5 14. Bf4 Bf6 15. Rc1 Rc8 16. Ba4 0-0 17. Bxc6 bxc6 18. Rxc6 Qd7 19. Rc1 c6 20. Qd2 h6 21. Be5 Bd8 22. f4 Bg6 23. b4 Bh7 24. a3 Qg4 25. h3 Qh5 26. Rc3 Bh4 27. Kh2 Be4 28. Ng3 Bxg3+ 29. Rxg3 Rf7 30. Rc3 g5 31. g4 Qg6 32. f5 Qh7 33. h4 gxh4 34. Rh3 Kf8 35. Rxh4 Ke7 36. Rxh6 Qg8 37. Re6+ Kd7 38. Rd6+ Ke7 39. f6+ Ke8 40. Kg3 Rh7 41. f7+ Rxf7 42. Rxf7 Qxf7 43. Rf6 Qh7 44. Qf4 1-0

[Event "Buenos Aires Masters op"]
[Site "Buenos Aires"]
[Date "2023.06.17"]
[Round "4"]
[White "Schnaider, Ilan"]
[Black "Quiroga, Facundo"]
[Result "1/2-1/2"]
[WhiteElo "2224"]
[BlackElo "2247"]
[PlyCount "54"]
[EventDate "2023.06.14"]
[EventType "swiss"]
[EventRounds "9"]
[EventCountry "ARG"]
[SourceTitle "CBM 215 Extra"]
[Source "ChessBase"]
[SourceDate "2023.09.30"]
[SourceVersion "1"]
[SourceVersionDate "2023.09.30"]
[SourceQuality "1"]

1. e4 c5 2. Nf3 d6 3. Bb5+ Bd7 4. Bxd7+ Qxd7 5. c4 Nf6 6. Nc3 Nc6 7. d4 cxd4 8. Nxd4 g6 9. f3 Nxd4 10. Qxd4 Bg7 11. Be3 0-0 12. Qd3 Rfd8 13. 0-0 a6 14. a4 Qc6 15. Rfd1 Rac8 16. b3 Nd7 17. Rac1 Bxc3 18. Qxc3 b5 19. a5 bxc4 20. Rd4 Qb5 21. Rxc4 Rxc4 22. Qxc4 Qxa5 23. Qc7 Qxc7 24. Rxc7 Kf8 25. Ra7 Ke8 26. Rxa6 Rb8 27. Rc6 Nc5 1/2-1/2

[Event "Vicente Lopez ProAm 100 Years op"]
[Site "Buenos Aires"]
[Date "2022.10.16"]
[Round "7"]
[White "Quiroga, Facundo"]
[Black "Cori Tello, Deysi Estella"]
[Result "1/2-1/2"]
[WhiteElo "2260"]
[BlackElo "2354"]
[PlyCount "99"]
[EventDate "2022.10.11"]
[EventType "swiss"]
[EventRounds "9"]
[EventCountry "ARG"]
[SourceTitle "CBM 210 Extra"]
[Source "ChessBase"]
[SourceDate "2022.11.30"]
[SourceVersion "1"]
[SourceVersionDate "2022.11.30"]
[SourceQuality "1"]

1. d4 g6 2. e4 Bg7 3. Nf3 c6 4. Be2 d6 5. 0-0 Nf6 6. Nc3 0-0 7. h3 Qc7 8. Re1 e5 9. Bf1 Nbd7 10. g3 b5 11. a3 a6 12. Bg2 Bb7 13. dxe5 dxe5 14. Bg5 Rfe8 15. Qc1 c5 16. Nh2 b4 17. Nd1 a5 18. Bh6 c4 19. Bxg7 Kxg7 20. Ng4 Nxg4 21. hxg4 Nc5 22. axb4 axb4 23. Rxa8 Bxa8 24. Qd2 b3 25. cxb3 cxb3 26. Nc3 Ne6 27. Qe3 Nd4 28. Rd1 Qd7 29. f3 Rd8 30. Kf2 h6 31. Ne2 Qa4 32. Nxd4 exd4 33. Qf4 Qa5 34. e5 Qb6 35. g5 hxg5 36. Qxg5 Rc8 37. Rh1 Rc2+ 38. Kf1 Qa6+ 39. Kg1 Rxg2+ 40. Kxg2 Qe2+ 41. Kh3 Qxf3 42. Rh2 Bd5 43. Rd2 Qh1+ 44. Kg4 Qf3+ 45. Kh4 Qh1+ 46. Kg4 Qf3+ 47. Kh4 Qe4+ 48. Kh3 Qh1+ 49. Kg4 Qe4+ 50. Kh3 1/2-1/2

[Event "Vicente Lopez ProAm 100 Years op"]
[Site "Buenos Aires"]
[Date "2022.10.14"]
[Round "4"]
[White "Sepliarsky, Mario"]
[Black "Quiroga, Facundo"]
[Result "0-1"]
[WhiteElo "2093"]
[BlackElo "2260"]
[PlyCount "62"]
[EventDate "2022.10.11"]
[EventType "swiss"]
[EventRounds "9"]
[EventCountry "ARG"]
[SourceTitle "CBM 210 Extra"]
[Source "ChessBase"]
[SourceDate "2022.11.30"]
[SourceVersion "1"]
[SourceVersionDate "2022.11.30"]
[SourceQuality "1"]

1. Nf3 d5 2. g3 c6 3. Bg2 g6 4. 0-0 Bg7 5. c4 e6 6. d3 Ne7 7. e4 dxe4 8. dxe4 Qxd1 9. Rxd1 Nd7 10. Nc3 b6 11. e5 Nxe5 12. Nxe5 Bxe5 13. Bg5 f6 14. Be3 Bd7 15. f4 Bxc3 16. bxc3 0-0-0 17. a4 c5 18. a5 Bc6 19. Rxd8+ Rxd8 20. axb6 axb6 21. Bh3 f5 22. Bf1 Bb7 23. h3 Kc7 24. g4 Ra8 25. Re1 Be4 26. Kf2 Ra2+ 27. Kg3 Rc2 28. Kh4 h6 29. Rc1 Rxc1 30. Bxc1 Bf3 31. Bd3 Bc6 0-1

[Event "ARG-chT"]
[Site "Villa Martelli"]
[Date "2021.11.28"]
[Round "5.2"]
[White "Mareco, Sandro"]
[Black "Quiroga, Facundo"]
[Result "1-0"]
[WhiteElo "2634"]
[BlackElo "2386"]
[PlyCount "95"]
[EventDate "2021.11.20"]
[EventType "team-tourn"]
[EventRounds "7"]
[EventCountry "ARG"]
[SourceTitle "EXT 2023"]
[Source "ChessBase"]
[SourceDate "2022.10.05"]
[SourceVersion "1"]
[SourceVersionDate "2022.10.05"]
[SourceQuality "1"]
[WhiteTeam "Obras AySa"]
[BlackTeam "Ajedrez del Sur"]
[WhiteTeamCountry "ARG"]
[BlackTeamCountry "ARG"]

1. e4 e5 2. Bc4 Nf6 3. d3 c6 4. Nf3 Be7 5. 0-0 d6 6. Re1 0-0 7. c3 Nbd7 8. Bb3 h6 9. Nbd2 Re8 10. d4 Bf8 11. Bc2 g6 12. Nf1 Bg7 13. Ng3 b6 14. h3 Qc7 15. Be3 Bb7 16. Qd2 Kh7 17. c4 a6 18. d5 b5 19. b3 cxd5 20. cxd5 Rac8 21. Rec1 Qc3 22. Qd1 Qb2 23. a4 bxa4 24. bxa4 Ba8 25. Rab1 Qa3 26. Ne1 Nc5 27. Bd2 Rb8 28. Ra1 Qb2 29. Nd3 Qb6 30. Nxc5 dxc5 31. Bd3 h5 32. Be3 Bf8 33. a5 Qa7 34. Qf3 Kg7 35. Rc3 Rb4 36. Rac1 Rd4 37. Bxd4 exd4 38. Rb3 h4 39. Rb6 Nd7 40. Nf5+ gxf5 41. Qxf5 Ne5 42. Bb1 Qe7 43. f4 Ng6 44. d6 Qd8 45. e5 Bd5 46. Rxc5 Be6 47. Qh5 f5 48. Rb7+ 1-0

[Event "ARG-chT"]
[Site "Villa Martelli"]
[Date "2021.11.27"]
[Round "4.2"]
[White "Aranda, Juan Manuel"]
[Black "Quiroga, Facundo"]
[Result "1/2-1/2"]
[WhiteElo "2126"]
[BlackElo "2386"]
[PlyCount "74"]
[EventDate "2021.11.20"]
[EventType "team-tourn"]
[EventRounds "7"]
[EventCountry "ARG"]
[SourceTitle "EXT 2023"]
[Source "ChessBase"]
[SourceDate "2022.10.05"]
[SourceVersion "1"]
[SourceVersionDate "2022.10.05"]
[SourceQuality "1"]
[WhiteTeam "Ferro Carril Oeste"]
[BlackTeam "Ajedrez del Sur"]
[WhiteTeamCountry "ARG"]
[BlackTeamCountry "ARG"]

1. Nf3 c5 2. g3 g6 3. Bg2 Bg7 4. 0-0 Nc6 5. e4 d6 6. Nc3 e6 7. Ne2 Nf6 8. d3 0-0 9. c3 b6 10. d4 Ba6 11. Re1 Qd7 12. d5 exd5 13. exd5 Ne7 14. Nf4 Rae8 15. Ng5 h6 16. Ne4 Nxe4 17. Rxe4 b5 18. a4 Nc8 19. axb5 Bxb5 20. Qc2 Nb6 21. Bd2 Rxe4 22. Bxe4 Re8 23. Bd3 c4 24. Be4 Na4 25. Be3 Qc7 26. Bxg6 fxg6 27. Ne6 Qf7 28. Rxa4 Bxa4 29. Qxa4 Rb8 30. Qxc4 Rxb2 31. Qc8+ Kh7 32. Kg2 g5 33. c4 Be5 34. Nf8+ Kg7 35. Ne6+ Kh7 36. Nf8+ Kg7 37. Ne6+ Kh7 1/2-1/2

[Event "ARG-ch sf 95th"]
[Site "Buenos Aires"]
[Date "2020.02.25"]
[Round "4"]
[White "Quiroga, Facundo"]
[Black "Campos, Maria Jose"]
[Result "1-0"]
[WhiteElo "2285"]
[BlackElo "2052"]
[PlyCount "79"]
[EventDate "2020.02.22"]
[EventType "swiss"]
[EventRounds "9"]
[EventCountry "ARG"]
[SourceTitle "CBM 195 Extra"]
[Source "ChessBase"]
[SourceDate "2020.05.31"]
[SourceVersion "1"]
[SourceVersionDate "2020.05.31"]
[SourceQuality "1"]

1. d4 Nf6 2. c4 e6 3. Nc3 Bb4 4. e3 0-0 5. Bd3 d5 6. Nge2 c5 7. a3 cxd4 8. axb4 dxc3 9. bxc3 dxc4 10. Bxc4 Qc7 11. Bb3 Nc6 12. f3 b5 13. Nd4 Rd8 14. 0-0 a6 15. Qe2 Bb7 16. Bd2 Rac8 17. Rfd1 Nd5 18. Rac1 Qe7 19. Nxc6 Rxc6 20. e4 Nb6 21. Be3 h6 22. Bc5 Qf6 23. e5 Qg5 24. Rxd8+ Qxd8 25. Rd1 Nd5 26. Bxd5 exd5 27. f4 Qh4 28. f5 Bc8 29. Qf3 Qe4 30. Qxe4 dxe4 31. g4 h5 32. h3 hxg4 33. hxg4 g6 34. Rd8+ Kg7 35. Bd4 Kh6 36. e6 Bxe6 37. fxe6 Rxe6 38. Be3+ g5 39. Kf2 Rf6+ 40. Ke2 1-0

[Event "Buenos Aires Argentino CC 114th"]
[Site "Buenos Aires"]
[Date "2020.01.16"]
[Round "7"]
[White "Quiroga, Facundo"]
[Black "Spata, German"]
[Result "1-0"]
[WhiteElo "2284"]
[BlackElo "2285"]
[PlyCount "117"]
[EventDate "2020.01.13"]
[EventType "tourn"]
[EventRounds "9"]
[EventCountry "ARG"]
[SourceTitle "CBM 194 Extra"]
[Source "ChessBase"]
[SourceDate "2020.03.31"]
[SourceVersion "1"]
[SourceVersionDate "2020.03.31"]
[SourceQuality "1"]

1. d4 Nf6 2. c4 c5 3. d5 b5 4. cxb5 a6 5. bxa6 g6 6. Nc3 Bxa6 7. e4 Bxf1 8. Kxf1 d6 9. g3 Bg7 10. Kg2 0-0 11. Nf3 Nbd7 12. h3 Qa5 13. Re1 Rfb8 14. Re2 Ne8 15. Rc2 Ndf6 16. Nd2 Nc7 17. a3 e6 18. Qf3 Qa6 19. a4 Nd7 20. Nf1 Ne5 21. Qe2 Qxe2 22. Rxe2 Nd3 23. Ne3 Rb4 24. f3 Rab8 25. Ncd1 Nxc1 26. Rxc1 Rxa4 27. Nc4 Nb5 28. Nde3 Nd4 29. Rf2 Ra2 30. Nxd6 Rbxb2 31. Rcf1 Rxf2+ 32. Rxf2 Ra6 33. Ndc4 Nb5 34. h4 Bd4 35. Rc2 h5 36. e5 Na3 37. Nxa3 Rxa3 38. Nc4 Ra1 39. d6 Kf8 40. f4 Ke8 41. Nd2 f6 42. Nf3 fxe5 43. fxe5 Ra5 44. Nd2 Ra3 45. Nc4 Ra4 46. Kf3 Rb4 47. Kf4 Kd7 48. Kg5 Kc6 49. Kxg6 Kd5 50. Kxh5 Rb8 51. Kg6 Bxe5 52. Nxe5 Kxe5 53. Rxc5+ Kxd6 54. Rc3 Ke5 55. Re3+ Kd4 56. Rxe6 Rg8+ 57. Kf7 Rxg3 58. h5 Rh3 59. h6 1-0

[Event "Buenos Aires Argentino CC 114th"]
[Site "Buenos Aires"]
[Date "2020.01.16"]
[Round "8"]
[White "Rodriguez, Santiago"]
[Black "Quiroga, Facundo"]
[Result "1/2-1/2"]
[WhiteElo "2251"]
[BlackElo "2284"]
[PlyCount "72"]
[EventDate "2020.01.13"]
[EventType "tourn"]
[EventRounds "9"]
[EventCountry "ARG"]
[SourceTitle "CBM 194 Extra"]
[Source "ChessBase"]
[SourceDate "2020.03.31"]
[SourceVersion "1"]
[SourceVersionDate "2020.03.31"]
[SourceQuality "1"]

1. e4 c5 2. Nf3 d6 3. d4 cxd4 4. Nxd4 Nf6 5. Nc3 a6 6. Be3 e5 7. Nf3 Qc7 8. a4 Be7 9. a5 0-0 10. Be2 Be6 11. Nd5 Nxd5 12. exd5 Bf5 13. c4 Nd7 14. 0-0 Rac8 15. b4 Bg6 16. Qb3 Bh5 17. Rfc1 Kh8 18. Qd1 f5 19. Ng5 Bxg5 20. Bxg5 Bxe2 21. Qxe2 h6 22. Qh5 Nf6 23. Bxf6 Rxf6 24. Qe2 Qd8 25. Qd3 Rf7 26. h3 Rfc7 27. Ra3 Qf6 28. Rac3 e4 29. Qg3 f4 30. Qg4 Qe5 31. c5 Qxd5 32. Qxf4 dxc5 33. Rxc5 Rxc5 34. Rxc5 Rxc5 35. Qf8+ Kh7 36. bxc5 Kg6 1/2-1/2

[Event "Buenos Aires Argentino CC 114th"]
[Site "Buenos Aires"]
[Date "2020.01.15"]
[Round "5"]
[White "Quiroga, Facundo"]
[Black "Manzone, Alessandro Jr"]
[Result "1/2-1/2"]
[WhiteElo "2284"]
[BlackElo "2386"]
[PlyCount "86"]
[EventDate "2020.01.13"]
[EventType "tourn"]
[EventRounds "9"]
[EventCountry "ARG"]
[SourceTitle "CBM 194 Extra"]
[Source "ChessBase"]
[SourceDate "2020.03.31"]
[SourceVersion "1"]
[SourceVersionDate "2020.03.31"]
[SourceQuality "1"]

1. d4 Nf6 2. c4 e6 3. Nc3 Bb4 4. e3 0-0 5. Nge2 Re8 6. a3 Bf8 7. Ng3 d5 8. Qc2 a5 9. b3 c5 10. dxc5 Na6 11. Na4 Nxc5 12. Nxc5 Bxc5 13. Bb2 d4 14. exd4 Bxd4 15. Rd1 e5 16. Be2 Qb6 17. Bxd4 exd4 18. c5 Qc6 19. 0-0 Rd8 20. Bf3 Qc7 21. Rd2 g6 22. Rfd1 Qe5 23. b4 axb4 24. axb4 Be6 25. Bxb7 Ra3 26. Qb1 Rb3 27. Rb2 Rc3 28. Bf3 d3 29. c6 Qb5 30. Ne4 Nxe4 31. Bxe4 Rd4 32. Bf3 Bd5 33. Bxd5 Rxd5 34. Rbd2 Qxc6 35. h3 Rg5 36. g3 Rd5 37. Qb2 Qc4 38. Qa2 Qd4 39. Qb2 h5 40. b5 Rd6 41. b6 Rxb6 42. Rxd3 Qxd3 43. Rxd3 Rxb2 1/2-1/2

[Event "Buenos Aires Argentino CC 114th"]
[Site "Buenos Aires"]
[Date "2020.01.13"]
[Round "1"]
[White "Dolezal, Cristian"]
[Black "Quiroga, Facundo"]
[Result "1/2-1/2"]
[WhiteElo "2373"]
[BlackElo "2284"]
[PlyCount "118"]
[EventDate "2020.01.13"]
[EventType "tourn"]
[EventRounds "9"]
[EventCountry "ARG"]
[SourceTitle "CBM 194 Extra"]
[Source "ChessBase"]
[SourceDate "2020.03.31"]
[SourceVersion "1"]
[SourceVersionDate "2020.03.31"]
[SourceQuality "1"]

1. d4 Nf6 2. Nf3 g6 3. c4 Bg7 4. Nc3 d5 5. Bg5 Ne4 6. Bh4 Nxc3 7. bxc3 c5 8. e3 0-0 9. cxd5 cxd4 10. cxd4 Qxd5 11. Bxe7 Re8 12. Bh4 Nc6 13. Be2 Bf5 14. 0-0 Rac8 15. Qa4 a5 16. Bc4 Qd7 17. Bb5 Be4 18. Nd2 Qg4 19. Nxe4 Qxe4 20. Bg3 h5 21. Rad1 h4 22. f3 Qe7 23. Bf2 Red8 24. Bxc6 bxc6 25. h3 Bf6 26. Rc1 c5 27. Qxa5 cxd4 28. Rxc8 Rxc8 29. exd4 Rc2 30. Qa8+ Kg7 31. Qe4 Rxa2 32. Qxe7 Bxe7 33. Rd1 g5 34. Kf1 Bd6 35. Be3 Kg6 36. Rd2 Ra3 37. Kf2 Kf5 38. Rb2 f6 39. Bd2 Ra1 40. Bc3 Ra4 41. Ke3 Ke6 42. Rb6 Kd5 43. Rb5+ Ke6 44. Ke4 Rc4 45. Bd2 Ra4 46. Rb3 Rc4 47. Rb6 Ra4 48. Bc3 Rc4 49. Kd3 Ra4 50. f4 gxf4 51. Be1 Kd5 52. Rb5+ Ke6 53. Bxh4 Ra2 54. Rb6 Rxg2 55. Be1 Kd5 56. Rb5+ Ke6 57. Rb6 Kd5 58. Rb5+ Ke6 59. Rb6 Kd5 1/2-1/2

[Event "Buenos Aires Meranol Cup"]
[Site "Buenos Aires"]
[Date "2019.10.25"]
[Round "7"]
[White "Quiroga, Facundo"]
[Black "Payares Leon, Daniel Alfonso"]
[Result "1-0"]
[WhiteElo "2295"]
[BlackElo "2054"]
[PlyCount "43"]
[EventDate "2019.10.17"]
[EventType "tourn"]
[EventRounds "9"]
[EventCountry "ARG"]
[EventCategory "2"]
[SourceTitle "CBM 192 Extra"]
[Source "Chessbase"]
[SourceDate "2019.11.06"]
[SourceVersion "1"]
[SourceVersionDate "2019.11.06"]
[SourceQuality "1"]

1. d4 f5 2. Nf3 Nf6 3. c4 g6 4. g3 Bg7 5. Bg2 0-0 6. 0-0 d6 7. Nc3 Qe8 8. Bg5 c6 9. d5 c5 10. Qd2 Na6 11. Bh6 Rb8 12. Bxg7 Kxg7 13. e4 e5 14. dxe6 Bxe6 15. exf5 Bxf5 16. Nh4 Qd7 17. Nxf5+ Qxf5 18. Rfe1 Rf7 19. Ne4 Rd8 20. Ng5 Rdf8 21. Bh3 Ng4 22. f3 1-0

[Event "Buenos Aires Meranol Cup"]
[Site "Buenos Aires"]
[Date "2019.10.24"]
[Round "6"]
[White "Dolezal, Cristian"]
[Black "Quiroga, Facundo"]
[Result "1/2-1/2"]
[WhiteElo "2406"]
[BlackElo "2295"]
[PlyCount "104"]
[EventDate "2019.10.17"]
[EventType "tourn"]
[EventRounds "9"]
[EventCountry "ARG"]
[EventCategory "2"]
[SourceTitle "CBM 192 Extra"]
[Source "Chessbase"]
[SourceDate "2019.11.06"]
[SourceVersion "1"]
[SourceVersionDate "2019.11.06"]
[SourceQuality "1"]

1. d4 Nf6 2. Bg5 c5 3. Bxf6 gxf6 4. c3 cxd4 5. cxd4 f5 6. Nc3 e6 7. e3 d5 8. f4 Nc6 9. Nf3 Bd7 10. Rc1 Rc8 11. Bd3 Be7 12. 0-0 0-0 13. Nd2 Kh8 14. Qh5 Rg8 15. Nb3 Rg6 16. Rf2 Na5 17. Nxa5 Qxa5 18. Rfc2 b5 19. a3 b4 20. axb4 Bxb4 21. Qd1 Rgg8 22. Ra1 Qb6 23. Ra6 Qb8 24. Qa1 Rc7 25. Kf2 Rd8 26. h3 Rb7 27. g4 Bxc3 28. bxc3 Rg8 29. Be2 fxg4 30. hxg4 f5 31. Qh1 fxg4 32. Kg3 Rb2 33. Bd3 Rg7 34. Rxb2 Qxb2 35. Rxa7 Qxc3 36. Ra8+ Bc8 37. Qd1 Rg8 38. Ra1 Bd7 39. Rc1 Qa3 40. Ra1 Qc3 41. Rc1 Qa3 42. Rc7 Rg7 43. Qd2 Qa1 44. Rc1 Qa3 45. Qc3 Qxc3 46. Rxc3 Kg8 47. Rc7 Be8 48. Rc8 Kf7 49. Rc7+ Kf6 50. Rxg7 Kxg7 51. Kxg4 Bg6 52. Bb5 Kf6 1/2-1/2

[Event "Buenos Aires Meranol Cup"]
[Site "Buenos Aires"]
[Date "2019.10.19"]
[Round "3"]
[White "Quiroga, Facundo"]
[Black "Spata, German"]
[Result "1/2-1/2"]
[WhiteElo "2295"]
[BlackElo "2311"]
[PlyCount "78"]
[EventDate "2019.10.17"]
[EventType "tourn"]
[EventRounds "9"]
[EventCountry "ARG"]
[EventCategory "2"]
[SourceTitle "CBM 192 Extra"]
[Source "Chessbase"]
[SourceDate "2019.11.06"]
[SourceVersion "1"]
[SourceVersionDate "2019.11.06"]
[SourceQuality "1"]

1. d4 e6 2. c4 Nf6 3. Nf3 b6 4. g3 c6 5. Bg2 d5 6. 0-0 Be7 7. b3 0-0 8. Ba3 Bb7 9. Qc1 Na6 10. Bxe7 Qxe7 11. Nbd2 c5 12. Qb2 Rac8 13. Rac1 Rc7 14. Rfd1 Rfc8 15. a3 dxc4 16. Nxc4 Bxf3 17. Bxf3 cxd4 18. Ne5 Rxc1 19. Rxc1 Rxc1+ 20. Qxc1 Qc5 21. Qxc5 Nxc5 22. b4 Nb3 23. Kf1 Nd2+ 24. Ke1 Nb1 25. a4 Nc3 26. Nc6 Nxa4 27. Nxa7 Nc3 28. Nc6 Nfd5 29. Bxd5 Nxd5 30. b5 Nc7 31. Nxd4 Kf8 32. Kd2 e5 33. Nc6 f6 34. Na7 Ke8 35. Kd3 Kd7 36. Kc4 Ne8 37. Kd5 Nc7+ 38. Kc4 Ne8 39. Kd5 Nc7+ 1/2-1/2

[Event "Buenos Aires La Porta Cup"]
[Site "Buenos Aires"]
[Date "2019.03.28"]
[Round "8"]
[White "Acosta, Pablo Ismael"]
[Black "Quiroga, Facundo"]
[Result "1-0"]
[WhiteElo "2467"]
[BlackElo "2267"]
[PlyCount "79"]
[EventDate "2019.03.20"]
[EventType "swiss"]
[EventRounds "9"]
[EventCountry "ARG"]
[SourceTitle "CBM 189 Extra"]
[Source "ChessBase"]
[SourceDate "2019.06.03"]
[SourceVersion "1"]
[SourceVersionDate "2019.06.03"]
[SourceQuality "1"]

1. d4 Nf6 2. Nf3 g6 3. Bf4 Bg7 4. e3 0-0 5. h3 d6 6. Be2 Nc6 7. 0-0 e5 8. Bh2 exd4 9. exd4 Re8 10. Na3 Bh6 11. Re1 Nd5 12. Bc4 Be6 13. Bg3 Qd7 14. Bh4 Bg7 15. c3 h6 16. Bg3 a6 17. Bf1 Nf6 18. Nc4 b5 19. Ne3 Nd5 20. a4 Rab8 21. axb5 axb5 22. Nxd5 Bxd5 23. Rxe8+ Qxe8 24. Ne1 Ne7 25. Nd3 Nf5 26. Nb4 Nxg3 27. Nxd5 Nxf1 28. Qxf1 Qe4 29. Nxc7 Qc2 30. Qb1 Qb3 31. Qa2 Qc2 32. Nd5 Re8 33. Ne3 Qe2 34. Qb3 h5 35. Ra7 Re6 36. Ra1 Bh6 37. Nd5 h4 38. Rf1 Kg7 39. Nc7 Rf6 40. Qxb5 1-0

[Event "Buenos Aires La Porta Cup"]
[Site "Buenos Aires"]
[Date "2019.03.26"]
[Round "6"]
[White "Quiroga, Facundo"]
[Black "Garcia Palermo, Carlos H"]
[Result "1/2-1/2"]
[WhiteElo "2267"]
[BlackElo "2407"]
[PlyCount "94"]
[EventDate "2019.03.20"]
[EventType "swiss"]
[EventRounds "9"]
[EventCountry "ARG"]
[SourceTitle "CBM 189 Extra"]
[Source "ChessBase"]
[SourceDate "2019.06.03"]
[SourceVersion "1"]
[SourceVersionDate "2019.06.03"]
[SourceQuality "1"]

1. d4 Nf6 2. c4 e6 3. Nc3 Bb4 4. Bg5 h6 5. Bh4 c5 6. d5 exd5 7. cxd5 d6 8. a3 Bxc3+ 9. bxc3 Nbd7 10. f3 Qa5 11. Rc1 0-0 12. e4 Re8 13. Ne2 b6 14. g4 g5 15. Bg3 Ne5 16. Bxe5 Rxe5 17. h4 Bd7 18. hxg5 hxg5 19. Qd2 Rae8 20. Ng3 Qxa3 21. Be2 c4 22. Kf2 Qc5+ 23. Kg2 Kf8 24. Rh6 Nxd5 25. exd5 Rxd5 26. Qc2 Qe3 27. Rd1 Rxd1 28. Qxd1 Qxc3 29. Rxd6 Be6 30. Rd8 Qe5 31. Rxe8+ Kxe8 32. Qa4+ b5 33. Qxa7 Qb2 34. Qb8+ Kd7 35. Qb7+ Kd8 36. Qb6+ Kd7 37. Kf2 b4 38. Ne4 b3 39. Qb7+ Ke8 40. Qb8+ Ke7 41. Qb4+ Ke8 42. Nd6+ Kd7 43. Nb5 Qf6 44. Nc3 Qd4+ 45. Ke1 Qg1+ 46. Kd2 Qd4+ 47. Ke1 Qg1+ 1/2-1/2

[Event "Buenos Aires La Porta Cup"]
[Site "Buenos Aires"]
[Date "2019.03.23"]
[Round "4"]
[White "Quiroga, Facundo"]
[Black "Saldano Dayer, Horacio"]
[Result "1-0"]
[WhiteElo "2267"]
[BlackElo "2422"]
[PlyCount "110"]
[EventDate "2019.03.20"]
[EventType "swiss"]
[EventRounds "9"]
[EventCountry "ARG"]
[SourceTitle "CBM 189 Extra"]
[Source "ChessBase"]
[SourceDate "2019.06.03"]
[SourceVersion "1"]
[SourceVersionDate "2019.06.03"]
[SourceQuality "1"]

1. Nf3 c5 2. g3 g6 3. Bg2 Bg7 4. 0-0 Nc6 5. d3 d6 6. Nc3 e5 7. Nd5 h6 8. c4 Nge7 9. Nxe7 Qxe7 10. Rb1 0-0 11. a3 a5 12. Ne1 Nd4 13. Nc2 Bg4 14. Re1 Qd7 15. Nxd4 cxd4 16. b4 a4 17. Qc2 Bh3 18. Bd5 Be6 19. Bxe6 Qxe6 20. e3 dxe3 21. Bxe3 d5 22. b5 Rfd8 23. Rb4 Qf5 24. Rxa4 Rxa4 25. Qxa4 d4 26. Bc1 Qxd3 27. c5 Rc8 28. c6 bxc6 29. b6 Qc3 30. Rf1 Bf8 31. Qa7 Re8 32. Qd7 Re7 33. Qc8 g5 34. b7 Rxb7 35. Qxb7 e4 36. Bb2 Qd2 37. Qb3 c5 38. Rc1 Qe2 39. Qc2 Qb5 40. a4 Qb4 41. Ba1 Bd6 42. Qxe4 Qxa4 43. Qd5 Bf8 44. Kg2 Qb4 45. Qc4 Qb7+ 46. Kg1 Qe4 47. Bb2 h5 48. Ra1 h4 49. Ra7 Qf3 50. Ra3 Qd1+ 51. Kg2 Qb1 52. Rf3 h3+ 53. Kxh3 g4+ 54. Kxg4 Qg6+ 55. Kh3 Qe6+ 1-0